000 00537nam a22001817a 4500
005 20231206120814.0
008 231206b |||||||| |||| 00| 0 eng d
020 _a0702160814 ; 0702160911
041 _aEnglish
082 _a348 JUT
100 _lEnglish
245 _aJuta's Statutes of South Africa /
_cJUTA LAW STATUTES EDITORS
250 _aTwelfth Edition
260 _aCape Town :
_bJuta Law,
_c2002
300 _b473 pages ;
_c26 cm.
650 _aLegal practice
_bLaw
942 _cBK
_6ALISON_BN_VRIES
999 _c1145
_d1145